| 000 | 01569nam a2200337 a 4500 | ||
|---|---|---|---|
| 001 | ebr10604262 | ||
| 003 | CaPaEBR | ||
| 006 | m u | ||
| 007 | cr cn||||||||| | ||
| 008 | 110920s2010 sz a sb 101 0 eng d | ||
| 010 | _z 2011499138 | ||
| 020 | _z0878492631 | ||
| 020 | _z9780878492633 | ||
| 020 | _z9783038133476 (e-book) | ||
| 040 |
_aCaPaEBR _cCaPaEBR |
||
| 035 | _a(OCoLC)671248657 | ||
| 050 | 1 | 4 |
_aTA401.3 _b.I54985 2009eb |
| 111 | 2 |
_aInternational Conference on Structural Analysis of Advanced Materials _d(2009 : _cTarbes, France) |
|
| 245 | 1 | 0 |
_aStructural analysis of advanced materials _h[electronic resource] : _bselected, peer reviewed papers from the International Conference on Structural Analysis of Advanced Materials (ICSAAM - 2009), September 7-10, 2009, Tarbes, France / _cedited by Moussa Karama. |
| 260 |
_aStafa-Zurich ; _aEnfield, N.H. : _bTrans Tech, _c2010. |
||
| 300 |
_aviii, 172 p. : _bill. |
||
| 440 | 0 |
_aKey engineering materials, _x1013-9826 ; _vv. 446 |
|
| 504 | _aIncludes bibliographical references and indexes. | ||
| 533 |
_aElectronic reproduction. _bPalo Alto, Calif. : _cebrary, _d2011. _nAvailable via World Wide Web. _nAccess may be limited to ebrary affiliated libraries. |
||
| 650 | 0 |
_aMaterials _vCongresses. |
|
| 650 | 0 |
_aStructural analysis (Engineering) _vCongresses. |
|
| 655 | 7 |
_aElectronic books. _2local |
|
| 700 | 1 | _aKarama, Moussa. | |
| 710 | 2 | _aebrary, Inc. | |
| 856 | 4 | 0 |
_uhttp://site.ebrary.com/lib/rucke/Doc?id=10604262 _zAn electronic book accessible through the World Wide Web; click to view |
| 999 |
_c99899 _d99899 |
||